Digital systems : principles and applications (Record no. 276)
[ view plain ]
| 000 -LEADER | |
|---|---|
| Fixed length control field | 00490nam a2200193 4500 |
| 003 - CONTROL NUMBER IDENTIFIER | |
| Control field | SEACOMEC |
| 005 - DATE AND TIME OF LATEST TRANSACTION | |
| Control field | 20250807123132.0 |
| 008 - FIXED-LENGTH DATA ELEMENTS--GENERAL INFORMATION | |
| Fixed length control field | 231221b |||||||| |||| 00| 0 eng d |
| 040 ## - CATALOGING SOURCE | |
| Original cataloging agency | SEACOMEC |
| 082 ## - DEWEY DECIMAL CLASSIFICATION NUMBER | |
| Classification number | 621.382 |
| Book Number | T63D |
| 100 ## - MAIN ENTRY--PERSONAL NAME | |
| Personal name | tocci,Ronald J. |
| 245 1# - TITLE STATEMENT | |
| Title | Digital systems : principles and applications |
| Statement of responsibility | Ronald J. Tocci |
| 250 1# - EDITION STATEMENT | |
| Edition statement | 8th ed. |
| 260 1# - IMPRINT | |
| Place of publication | Delhi |
| Name of publisher | pearson |
| Date of publication | 2003 |
| 650 ## - SUBJECT ADDED ENTRY--TOPICAL TERM | |
| Topical term | Technology |
| 650 ## - SUBJECT ADDED ENTRY--TOPICAL TERM | |
| Topical term | Electronics |
| 700 ## - ADDED ENTRY--PERSONAL NAME | |
| Personal name | widmer, Neal S |
| 942 ## - ADDED ENTRY ELEMENTS (KOHA) | |
| Koha item type | Books |
| Withdrawn status | Lost status | Source of classification | Damaged status | Not for loan | Home library | Current library | Date acquired | Total Checkouts | Call number | Accession number | Date last seen | Price effective from | Koha item type |
|---|---|---|---|---|---|---|---|---|---|---|---|---|---|
| Dewey Decimal Classification | SEACOM ENGINEERING COLLEGE | SEACOM ENGINEERING COLLEGE | 01/06/2006 | 621.382 J639 | 345 | 21/12/2023 | 21/12/2023 | Books |
